000 00394nam a2200169Ia 4500
005 20250423101524.0
008 250422s9999 xx 000 0 und d
020 _a0- 201- 05524- 4
050 _aHD70.J3088
100 _aWilliam G. Ouchi
245 0 _aTheory Z
260 _bAddison Wesley
260 _c1981
300 _a283 p
650 _aIndustrial management- Japan
942 _cBK
999 _c36533
_d36533